[Event "DEM U16w"]
[Site "Willingen"]
[Date "2006.06.07"]
[Round "7.12"]
[White "Ludwig, Lisa"]
[Black "Reh, Rebecca"]
[Result "0-1"]
[WhiteElo "1421"]
[BlackElo "1709"]
[PlyCount "94"]
[EventDate "2006.??.??"]
[EventType "swiss"]
[EventRounds "9"]
[EventCountry "GER"]

1. Nc3 c5 2. e4 Nc6 3. g3 e6 4. Bg2 Nge7 5. Nf3 g6 6. d3 Bg7 7. O-O O-O 8. Be3
d6 9. Qd2 Nd4 10. Bh6 Nxf3+ 11. Bxf3 Nc6 12. Bxg7 Kxg7 13. Bg2 Bd7 14. f4 Nd4
15. Ne2 Nxe2+ 16. Qxe2 f5 17. exf5 exf5 18. Rae1 Re8 19. Qf2 Qb6 20. b3 Bc6 21.
Rxe8 Rxe8 22. Re1 Rf8 23. Re7+ Rf7 24. Qe3 Bxg2 25. Kxg2 Qd8 26. Rxf7+ Kxf7 27.
Kf3 Qa5 28. a4 Qc3 29. Qe2 Qd4 30. Qe3 Qxe3+ 31. Kxe3 d5 32. c3 Ke6 33. c4 d4+
34. Ke2 a6 35. Ke1 h6 36. h4 Kd6 37. Kd2 Kc6 38. Kc2 Kb6 39. Kb2 Ka5 40. Ka3 h5
41. Ka2 Kb4 42. Kb2 b6 43. a5 bxa5 44. Kc2 Ka3 45. b4 axb4 46. Kd2 b3 47. Kc1
b2+ 0-1

[Event "DEM U16w"]
[Site "Willingen"]
[Date "2006.06.07"]
[Round "7.13"]
[White "Hoffmann, Lena"]
[Black "Hingst, Silke"]
[Result "1-0"]
[WhiteElo "1910"]
[BlackElo "1407"]
[PlyCount "61"]
[EventDate "2006.??.??"]
[EventType "swiss"]
[EventRounds "9"]
[EventCountry "GER"]

1. Nc3 e5 2. Nf3 Nc6 3. d4 e4 4. Nxe4 d5 5. Nc3 Bg4 6. e3 Nf6 7. Be2 Bd6 8. a3
O-O 9. h3 Bf5 10. Bd3 Bg6 11. Bxg6 fxg6 12. Qd3 a6 13. Bd2 Ne7 14. e4 dxe4 15.
Nxe4 Nxe4 16. Qxe4 Nc6 17. O-O Qd7 18. Rfe1 Kh8 19. Qe6 Qd8 20. Bg5 Qe8 21. d5
Na5 22. Be7 Bxe7 23. Qxe7 Qc8 24. Qb4 b6 25. Re7 Qd8 26. Ng5 Qxd5 27. Ne6 Nc6
28. Qc3 Rg8 29. Rxg7 Qe5 30. Rxg8+ Rxg8 31. Qxc6 1-0

[Event "DEM U16w"]
[Site "Willingen"]
[Date "2006.06.07"]
[Round "7.14"]
[White "Öz, Edda"]
[Black "Dauer, Carolin"]
[Result "1/2-1/2"]
[WhiteElo "1248"]
[BlackElo "1572"]
[PlyCount "45"]
[EventDate "2006.??.??"]
[EventType "swiss"]
[EventRounds "9"]
[EventCountry "GER"]

1. e4 c6 2. d4 d5 3. e5 Bf5 4. h4 Qc7 5. g4 Bd7 6. f4 e6 7. Nf3 c5 8. Be3 c4 9.
c3 Nc6 10. b3 b5 11. Nbd2 a6 12. b4 a5 13. a3 Nge7 14. Kf2 Nc8 15. Bh3 Be7 16.
Qb1 Qd8 17. Bg2 Nb6 18. g5 Na4 19. Rc1 Bf8 20. Bh3 Ne7 21. Nf1 Bc6 22. f5 Bd7
23. Ng3 1/2-1/2

[Event "DEM U18w"]
[Site "Willingen"]
[Date "2006.06.03"]
[Round "1.1"]
[White "Hoolt, Sarah"]
[Black "Gasch, Franziska"]
[Result "0-1"]
[WhiteElo "2145"]
[BlackElo "1860"]
[PlyCount "98"]
[EventDate "2006.??.??"]
[EventType "swiss"]
[EventRounds "9"]
[EventCountry "GER"]

1. e4 d5 2. exd5 Nf6 3. d4 Nxd5 4. Nf3 Bg4 5. Be2 e6 6. O-O Be7 7. c4 Nb6 8.
Be3 O-O 9. Qb3 Nc6 10. Rd1 Qc8 11. Nbd2 Bf6 12. Ne4 Be7 13. Rac1 f5 14. Nc3
Bxf3 15. Bxf3 Na5 16. Qb5 Naxc4 17. Nd5 Nxd5 18. Bxd5 Nd6 19. Qc5 exd5 20. Qxc7
Qxc7 21. Rxc7 Rfe8 22. Rc5 Nc4 23. Rxd5 Nxe3 24. fxe3 Bg5 25. Kf2 Bxe3+ 26. Kf3
g6 27. Rd7 b6 28. Rd3 Bg5 29. Rc3 Re7 30. Rd5 Rae8 31. g4 fxg4+ 32. Kxg4 Bd2
33. Rc2 Bh6 34. Kf3 Re3+ 35. Kf2 Rf8+ 36. Kg2 Re7 37. Rd6 Rfe8 38. Kf3 Rf7+ 39.
Kg2 Bf4 40. Rd5 Rfe7 41. Kf3 g5 42. a4 h5 43. h4 Re3+ 44. Kg2 Rg3+ 45. Kf2 Rh3
46. Rc6 Rh2+ 47. Kf1 Ree2 48. Rc8+ Kf7 49. Rf5+ Kg6 0-1

[Event "DEM U18w"]
[Site "Willingen"]
[Date "2006.06.03"]
[Round "1.2"]
[White "Rath, Alina"]
[Black "Großmann, Susan"]
[Result "1/2-1/2"]
[WhiteElo "1853"]
[BlackElo "2062"]
[PlyCount "46"]
[EventDate "2006.??.??"]
[EventType "swiss"]
[EventRounds "9"]
[EventCountry "GER"]

1. c4 g6 2. g3 Bg7 3. Bg2 c5 4. e4 Nc6 5. Ne2 d6 6. Nbc3 Nf6 7. d3 O-O 8. O-O
Bd7 9. h3 Ne8 10. f4 Nc7 11. f5 Rb8 12. Be3 Nd4 13. g4 a6 14. Rc1 b5 15. b3
bxc4 16. dxc4 Nc6 17. Qd2 Ne5 18. Bh6 Ne8 19. Bxg7 Kxg7 20. g5 Bc6 21. Nd5 Bxd5
22. Qxd5 Qc7 23. Rcd1 Rd8 1/2-1/2

[Event "DEM U18w"]
[Site "Willingen"]
[Date "2006.06.03"]
[Round "1.3"]
[White "Winkelmann, Elena"]
[Black "Völschow, Toni"]
[Result "1-0"]
[WhiteElo "2055"]
[BlackElo "1850"]
[PlyCount "76"]
[EventDate "2006.??.??"]
[EventType "swiss"]
[EventRounds "9"]
[EventCountry "GER"]

1. f4 d5 2. Nf3 c5 3. b3 Nf6 4. e3 e6 5. Bb2 a6 6. a4 b6 7. Be2 Bb7 8. O-O Nc6
9. Qe1 Qc7 10. Ne5 O-O-O 11. d4 Ne4 12. Bd3 Nb4 13. Bxe4 dxe4 14. Na3 f6 15.
Nec4 Rd5 16. Qe2 h5 17. Rad1 Be7 18. Nd2 f5 19. Ndc4 h4 20. Ne5 Bf6 21. dxc5
bxc5 22. Nac4 Rhd8 23. a5 Rxd1 24. Nb6+ Kb8 25. Rxd1 Rxd1+ 26. Qxd1 Ka7 27. c4
Bc8 28. Qd2 Bb7 29. h3 Qe7 30. Bc3 Bxe5 31. Bxb4 Bc7 32. Bc3 Bxb6 33. axb6+
Kxb6 34. b4 cxb4 35. Bxb4 Qe8 36. Qd4+ Kc7 37. Ba5+ Kc8 38. Qd6 Qc6 1-0

[Event "DEM U18w"]
[Site "Willingen"]
[Date "2006.06.03"]
[Round "1.4"]
[White "Tischer, Jana"]
[Black "Nuber, Helene"]
[Result "1/2-1/2"]
[WhiteElo "1835"]
[BlackElo "2042"]
[PlyCount "121"]
[EventDate "2006.??.??"]
[EventType "swiss"]
[EventRounds "9"]
[EventCountry "GER"]

1. e4 e6 2. d4 d5 3. Nc3 Nf6 4. Bg5 Be7 5. e5 Nfd7 6. h4 Nc6 7. Qd2 f6 8. exf6
Nxf6 9. Nf3 O-O 10. O-O-O a6 11. Bd3 Nb4 12. Be2 c5 13. Kb1 Qa5 14. a3 Nc6 15.
Ne5 Qc7 16. Bf4 Bd6 17. Nd3 Bxf4 18. Qxf4 Qxf4 19. Nxf4 Nxd4 20. f3 Nxe2 21.
Ncxe2 Rb8 22. Nd3 b6 23. Rhe1 Bd7 24. Nef4 Rbe8 25. Ne5 Bb5 26. Ned3 c4 27. Nb4
a5 28. Na2 Bd7 29. Re5 Ng4 30. fxg4 Rxf4 31. Rde1 Rxg4 32. Nc3 Rf8 33. g3 Rd4
34. Ne2 Rg4 35. Nf4 Rfxf4 36. gxf4 Rxf4 37. h5 Kf7 38. Rg1 g6 39. Reg5 Rf6 40.
Kc1 Be8 41. hxg6+ hxg6 42. Rh1 Ke7 43. Rh7+ Rf7 44. Rh1 Rf2 45. Re1 Kf6 46.
Rge5 Bd7 47. R5e3 g5 48. Rh3 Be8 49. Rh8 Bf7 50. Rb8 g4 51. Rg1 Kg5 52. Rxb6
Kh4 53. Rb8 Bh5 54. Rh8 Kg5 55. Re1 Bg6 56. Rxe6 Rxc2+ 57. Kd1 Rf2 58. Rg8 Rf6
59. Re5+ Rf5 60. Re6 Rf6 61. Re5+ 1/2-1/2

[Event "DEM U18w"]
[Site "Willingen"]
[Date "2006.06.03"]
[Round "1.5"]
[White "Butschek, Tanja"]
[Black "Tovmasian, Nelli"]
[Result "1-0"]
[WhiteElo "2025"]
[BlackElo "1813"]
[PlyCount "168"]
[EventDate "2006.??.??"]
[EventType "swiss"]
[EventRounds "9"]
[EventCountry "GER"]

1. e4 c5 2. Nf3 e6 3. d4 cxd4 4. Nxd4 Nc6 5. Nxc6 bxc6 6. Bd3 Ba6 7. c4 Bb4+ 8.
Bd2 Qb6 9. O-O Bxd2 10. Qxd2 Qd4 11. Qc3 Qxc3 12. Nxc3 Ne7 13. Rad1 O-O-O 14.
b3 f5 15. Rfe1 fxe4 16. Nxe4 Rdf8 17. Nc5 Bb7 18. Bc2 Rd8 19. Rd2 Kc7 20. Ne4
Rhf8 21. Nd6 h6 22. Re5 Nc8 23. Nxc8 Bxc8 24. c5 d5 25. Rd4 Rf6 26. Ra4 Kb8 27.
Bd3 Rd7 28. f4 Rdf7 29. g3 Rf8 30. b4 Bb7 31. b5 R8f7 32. Rb4 Rc7 33. f5 cxb5
34. Rxb5 Rc6 35. a4 Kc7 36. Rb1 Bc8 37. Rbe1 a6 38. R1e2 Bd7 39. Re1 Bc8 40.
R1e2 Bd7 41. Rb2 Bc8 42. Rc2 Kd8 43. g4 Ke7 44. fxe6 Bxe6 45. Bf5 Kf7 46. Bxe6+
Rfxe6 47. Rxd5 Re1+ 48. Kf2 Ke6 49. Rd4 Re5 50. Rdc4 Kd5 51. Kf3 Rf6+ 52. Rf4
Rxf4+ 53. Kxf4 g5+ 54. Kg3 Re3+ 55. Kg2 Kc6 56. Rf2 Re4 57. Rf6+ Kxc5 58. Rxa6
Rxg4+ 59. Kf3 h5 60. h3 Rf4+ 61. Kg2 Kb4 62. Ra8 Rf5 63. Kg3 Rf6 64. a5 Kb5 65.
Rh8 h4+ 66. Kg4 Rc6 67. Ra8 Rc4+ 68. Kxg5 Rc5+ 69. Kxh4 Rc4+ 70. Kg5 Rc5+ 71.
Kf6 Rc6+ 72. Ke7 Rh6 73. Rb8+ Kxa5 74. Rb3 Ka4 75. Rf3 Kb5 76. Kf7 Kc6 77. Kg7
Rh4 78. Kg6 Kd6 79. Kg5 Rh8 80. Re3 Kd7 81. h4 Re8 82. Rf3 Rg8+ 83. Kh5 Ke7 84.
Rf4 Ke6 1-0

[Event "DEM U18w"]
[Site "Willingen"]
[Date "2006.06.03"]
[Round "1.6"]
[White "Fuchs, Maria"]
[Black "Chin, Karin"]
[Result "0-1"]
[WhiteElo "1758"]
[BlackElo "2008"]
[PlyCount "50"]
[EventDate "2006.??.??"]
[EventType "swiss"]
[EventRounds "9"]
[EventCountry "GER"]

1. d4 Nf6 2. c4 g6 3. Nc3 Bg7 4. Nf3 O-O 5. e4 d6 6. Be2 e5 7. dxe5 dxe5 8.
Qxd8 Rxd8 9. Bg5 Rf8 10. O-O-O Nbd7 11. Rhe1 c6 12. Rd6 Ne8 13. Rd2 Nc7 14.
Red1 Nf6 15. Rd6 Ne6 16. Be3 Ng4 17. Nd2 Nxe3 18. fxe3 Bh6 19. Nf1 Nd4 20. Bd3
Bg5 21. c5 Ne6 22. Bc4 Nxc5 23. Kb1 Be7 24. R6d2 b5 25. Be2 b4 0-1

[Event "DEM U18w"]
[Site "Willingen"]
[Date "2006.06.03"]
[Round "1.7"]
[White "Hofmann, Annett"]
[Black "Reiske, Anne"]
[Result "1-0"]
[WhiteElo "2004"]
[BlackElo "1711"]
[PlyCount "45"]
[EventDate "2006.??.??"]
[EventType "swiss"]
[EventRounds "9"]
[EventCountry "GER"]

1. e4 e5 2. Nc3 Nf6 3. g3 d5 4. exd5 Nxd5 5. Bg2 Be6 6. Nf3 Nd7 7. O-O c6 8.
Re1 Bd6 9. d4 O-O 10. Nxd5 Bxd5 11. Nxe5 Bxe5 12. dxe5 Be6 13. b3 Qc7 14. Ba3
c5 15. Qd6 Qa5 16. Bb2 Rab8 17. Bd5 Rfd8 18. Bxe6 Nf8 19. Bxf7+ Kh8 20. Qe7 Rd7
21. Qg5 Rxf7 22. e6 h6 23. Qxh6+ 1-0

[Event "DEM U18w"]
[Site "Willingen"]
[Date "2006.06.03"]
[Round "1.9"]
[White "Albano Jeremias, Bianca"]
[Black "Janiesch, Maike"]
[Result "1-0"]
[WhiteElo "1971"]
[BlackElo "1637"]
[PlyCount "57"]
[EventDate "2006.??.??"]
[EventType "swiss"]
[EventRounds "9"]
[EventCountry "GER"]

1. e4 d6 2. d4 Nf6 3. Nc3 g6 4. f4 Bg7 5. a3 O-O 6. Nf3 Na6 7. Be2 c5 8. d5 Bg4
9. O-O Nd7 10. Be3 Qa5 11. Qd2 Bxf3 12. Bxf3 c4 13. Kh1 Rac8 14. Bd4 Bxd4 15.
Qxd4 Qc5 16. Qd2 Qb6 17. f5 Ne5 18. Be2 Kg7 19. Rab1 Nc5 20. Rf4 a6 21. Rh4 Rh8
22. Qh6+ Kg8 23. Bg4 Nxg4 24. Rxg4 Nd7 25. Ne2 Qd8 26. fxg6 hxg6 27. Rxg6+ fxg6
28. Qxg6+ Kf8 29. Nf4 1-0

[Event "DEM U18w"]
[Site "Willingen"]
[Date "2006.06.03"]
[Round "1.10"]
[White "Schott, Peggy"]
[Black "Dauer, Christina"]
[Result "0-1"]
[WhiteElo "1600"]
[BlackElo "1964"]
[PlyCount "102"]
[EventDate "2006.??.??"]
[EventType "swiss"]
[EventRounds "9"]
[EventCountry "GER"]

1. d4 e6 2. c4 Nf6 3. Nc3 d5 4. e3 Nbd7 5. b3 c6 6. Bd2 Bd6 7. Nf3 O-O 8. cxd5
exd5 9. Bd3 Re8 10. Qc2 Nf8 11. h3 Qe7 12. O-O Ng6 13. Rfe1 Ne4 14. Ne2 Nh4 15.
Bxe4 dxe4 16. Nxh4 Qxh4 17. Qd1 g5 18. Ng3 g4 19. Rf1 Bxg3 20. fxg3 Qxg3 21.
hxg4 Bxg4 22. Qe1 Qxe1 23. Raxe1 Re6 24. Rf4 f5 25. Bc3 Rg6 26. Kf2 Kf7 27. Rc1
Rc8 28. Bb2 Ke7 29. b4 Kd7 30. a4 b6 31. Ba3 a6 32. a5 bxa5 33. bxa5 Rb8 34.
Rc4 Rb3 35. Bc1 Rb5 36. Rc5 Rxc5 37. dxc5 Rg8 38. Kf1 Rb8 39. Rf2 Rb5 40. Rb2
Rxc5 41. Bd2 Rb5 42. Rc2 c5 43. Bc3 Kc6 44. Kf2 Kd5 45. Bd2 h5 46. Kg3 Rb1 47.
Kf2 h4 48. Be1 Kc6 49. Rd2 f4 50. Kf1 fxe3 51. Rd8 Be6 0-1

[Event "DEM U18w"]
[Site "Willingen"]
[Date "2006.06.03"]
[Round "1.11"]
[White "Dietzen, Corinna"]
[Black "Hafner, Katrin"]
[Result "1-0"]
[WhiteElo "1949"]
[BlackElo "1565"]
[PlyCount "97"]
[EventDate "2006.??.??"]
[EventType "swiss"]
[EventRounds "9"]
[EventCountry "GER"]

1. c4 e5 2. Nc3 Nc6 3. g3 g6 4. Bg2 Bg7 5. e3 f5 6. Nge2 d6 7. O-O Be6 8. d3
Nf6 9. Nd5 Qd7 10. Rb1 h5 11. h4 Nh7 12. f4 O-O 13. b4 Nf6 14. b5 Nd8 15. a4 c6
16. Nxf6+ Bxf6 17. Ba3 Re8 18. Qd2 d5 19. fxe5 Bxe5 20. c5 Rc8 21. Nf4 Kh7 22.
Kh2 Nf7 23. Qe2 Nh6 24. Qf3 Ng4+ 25. Kh1 Bf7 26. Rfe1 Bc3 27. Re2 Ba5 28. bxc6
bxc6 29. Nh3 Rb8 30. Ng5+ Kg8 31. Rxb8 Rxb8 32. Rb2 Rxb2 33. Bxb2 Qe7 34. Bd4
Bd2 35. Nxf7 Kxf7 36. e4 f4 37. exd5 Qe1+ 38. Bf1 Qxg3 39. Qxg3 fxg3 40. dxc6
Bf4 41. Bc3 Bc7 42. d4 Ne3 43. Bd3 Nd5 44. Bc4 Ke6 45. Kg2 Kf5 46. Bxd5 Kg4 47.
Bf7 Kxh4 48. Bxg6 Kg4 49. Bxh5+ 1-0

[Event "DEM U18w"]
[Site "Willingen"]
[Date "2006.06.03"]
[Round "1.12"]
[White "Hammerich, Nadine"]
[Black "Schulze, Dorothee"]
[Result "1/2-1/2"]
[WhiteElo "1529"]
[BlackElo "1946"]
[PlyCount "134"]
[EventDate "2006.??.??"]
[EventType "swiss"]
[EventRounds "9"]
[EventCountry "GER"]

1. d4 Nf6 2. c3 g6 3. Nf3 Bg7 4. Bf4 b6 5. e3 O-O 6. Bd3 Bb7 7. Nbd2 d5 8. O-O
Nbd7 9. h3 c5 10. Bc2 b5 11. b3 Qa5 12. Bd3 Rfc8 13. a4 Qxc3 14. Bxb5 cxd4 15.
Nxd4 a6 16. Ne2 Qb4 17. Bd3 Ne4 18. Ra2 Nxd2 19. Qxd2 Qxd2 20. Rxd2 Nc5 21. Rb1
e5 22. Bg3 Rc6 23. Bc2 Rb6 24. a5 Rd6 25. b4 Ne6 26. Bb3 Nc7 27. Nc3 Rad8 28.
Rbd1 R6d7 29. f3 Kf8 30. Na4 Bc6 31. Nc5 Rd6 32. e4 d4 33. Bc4 Ra8 34. Nd3 f6
35. Nc5 Bb5 36. Bd3 Ke7 37. Rc2 Bxd3 38. Nxd3 Nb5 39. Be1 Ra7 40. Kf2 Bh6 41.
Nc5 Rc6 42. Ke2 Nd6 43. Bd2 Bxd2 44. Kxd2 Nb5 45. Rdc1 Nd6 46. Kd3 Kf7 47. Na4
Rxc2 48. Rxc2 Rb7 49. Nb6 Nb5 50. Nd5 Rd7 51. Rc6 Rd6 52. Rxd6 Nxd6 53. Nc7 Ke7
54. Nxa6 Kd7 55. Nc5+ Kc6 56. a6 Kb6 57. Nd7+ Kxa6 58. Nxf6 Kb5 59. Nxh7 Kxb4
60. Nf8 g5 61. Ng6 Nf7 62. g3 Kc5 63. f4 exf4 64. gxf4 gxf4 65. Nxf4 Ne5+ 66.
Kc2 Nf3 67. Ng6 Ng5 1/2-1/2

[Event "DEM U18w"]
[Site "Willingen"]
[Date "2006.06.03"]
[Round "1.13"]
[White "Wirths, Clara"]
[Black "Breitwieser, Jasmin"]
[Result "1-0"]
[WhiteElo "1935"]
[BlackElo "1338"]
[PlyCount "101"]
[EventDate "2006.??.??"]
[EventType "swiss"]
[EventRounds "9"]
[EventCountry "GER"]

1. e4 e5 2. Nf3 Nf6 3. Nxe5 d6 4. Nf3 Nxe4 5. Nc3 Nxc3 6. dxc3 Nc6 7. Bf4 Be7
8. Qd2 Be6 9. O-O-O Qd7 10. Kb1 a6 11. Nd4 O-O-O 12. Be2 Kb8 13. Nxe6 Qxe6 14.
Rhe1 Qd7 15. Bf3 Rde8 16. Qd5 Bf6 17. h3 Rxe1 18. Rxe1 Re8 19. Re4 Rxe4 20.
Qxe4 h6 21. a3 Qe6 22. Qxe6 fxe6 23. Bxc6 bxc6 24. Be3 c5 25. c4 Bd4 26. Bxd4
cxd4 27. Kc1 Kb7 28. Kd2 Kc6 29. f4 e5 30. fxe5 dxe5 31. Kd3 a5 32. c3 dxc3 33.
Kxc3 Kd6 34. b4 axb4+ 35. axb4 g6 36. Kd3 Ke6 37. Ke4 Kd6 38. Ke3 Ke6 39. Ke4
Kd6 40. g4 Ke6 41. h4 Kd6 42. h5 gxh5 43. gxh5 Ke6 44. Kf3 Kf5 45. Ke3 e4 46.
b5 Ke5 47. c5 Kd5 48. b6 cxb6 49. cxb6 Kc6 50. Kxe4 Kxb6 51. Kf5 1-0

[Event "DEM U18w"]
[Site "Willingen"]
[Date "2006.06.04"]
[Round "2.1"]
[White "Albano Jeremias, Bianca"]
[Black "Winkelmann, Elena"]
[Result "0-1"]
[WhiteElo "1971"]
[BlackElo "2055"]
[PlyCount "54"]
[EventDate "2006.??.??"]
[EventType "swiss"]
[EventRounds "9"]
[EventCountry "GER"]

1. e4 c5 2. Nf3 e6 3. d4 cxd4 4. Nxd4 Bc5 5. Nb3 Bb6 6. Bd3 Ne7 7. Nc3 O-O 8.
O-O f5 9. exf5 Nxf5 10. Qg4 d5 11. Bg5 Qd7 12. Rad1 Nc6 13. Bxf5 Rxf5 14. Na4
Bc7 15. Nac5 Qf7 16. Bd2 b6 17. Nd3 e5 18. Qa4 Bd7 19. f4 e4 20. Nf2 Bxf4 21.
Bxf4 Rxf4 22. Nd3 Rxf1+ 23. Rxf1 Qe7 24. Nf4 Rf8 25. Nd4 Qd6 26. g3 Na5 27. Qa3
Qf6 0-1

[Event "DEM U18w"]
[Site "Willingen"]
[Date "2006.06.04"]
[Round "2.2"]
[White "Dauer, Christina"]
[Black "Butschek, Tanja"]
[Result "1-0"]
[WhiteElo "1964"]
[BlackElo "2025"]
[PlyCount "59"]
[EventDate "2006.??.??"]
[EventType "swiss"]
[EventRounds "9"]
[EventCountry "GER"]

1. e4 c5 2. Nc3 Nc6 3. d3 e6 4. g3 Nge7 5. Be3 d6 6. Bg2 Qb6 7. Nge2 g6 8. Qd2
Bd7 9. Nd1 f5 10. c3 O-O-O 11. b4 Bg7 12. Nb2 Ne5 13. d4 N5c6 14. dxc5 dxc5 15.
Nc4 Qa6 16. Nd6+ Kc7 17. Nf7 Nxb4 18. cxb4 Bxa1 19. Bxc5 Bb5 20. Nxd8 Rxd8 21.
Qc1 Nc6 22. O-O Bxe2 23. Qxa1 Bxf1 24. Bxf1 Qa4 25. Qc3 Rd1 26. Kg2 b6 27. Bf8
Kb8 28. Bd3 Qxa2 29. Bd6+ Kb7 30. b5 1-0

[Event "DEM U18w"]
[Site "Willingen"]
[Date "2006.06.04"]
[Round "2.3"]
[White "Chin, Karin"]
[Black "Dietzen, Corinna"]
[Result "1/2-1/2"]
[WhiteElo "2008"]
[BlackElo "1949"]
[PlyCount "58"]
[EventDate "2006.??.??"]
[EventType "swiss"]
[EventRounds "9"]
[EventCountry "GER"]

1. e4 e5 2. Nf3 Nf6 3. Nxe5 d6 4. Nf3 Nxe4 5. d4 d5 6. Bd3 Nc6 7. O-O Be7 8.
Re1 Bf5 9. g4 Bxg4 10. Bxe4 dxe4 11. Rxe4 Bxf3 12. Qxf3 Nxd4 13. Qg4 Nxc2 14.
Bg5 f6 15. Bxf6 gxf6 16. Qh5+ Kd7 17. Qg4+ Ke8 18. Qh5+ Kf8 19. Qh6+ Kg8 20.
Rg4+ Kf7 21. Qh5+ Ke6 22. Re4+ Kd6 23. Qd1+ Kc6 24. Qxc2+ Kb6 25. Qb3+ Kc6 26.
Qc2+ Kb6 27. Qb3+ Kc6 28. Qc2+ Kb6 29. Qb3+ Kc6 1/2-1/2

[Event "DEM U18w"]
[Site "Willingen"]
[Date "2006.06.04"]
[Round "2.4"]
[White "Gasch, Franziska"]
[Black "Hofmann, Annett"]
[Result "1/2-1/2"]
[WhiteElo "1860"]
[BlackElo "2004"]
[PlyCount "84"]
[EventDate "2006.??.??"]
[EventType "swiss"]
[EventRounds "9"]
[EventCountry "GER"]

1. e4 c5 2. Nc3 d6 3. g3 Nc6 4. Bg2 g6 5. f4 Bg7 6. d3 Nf6 7. Nf3 O-O 8. O-O
Bg4 9. h3 Bxf3 10. Qxf3 Nd4 11. Qd1 Nd7 12. Ne2 Rb8 13. c3 Nxe2+ 14. Qxe2 b5
15. Be3 b4 16. c4 a5 17. g4 a4 18. Rad1 f5 19. exf5 gxf5 20. gxf5 Rxf5 21. d4
cxd4 22. Bxd4 Bxd4+ 23. Rxd4 Kh8 24. Kh1 Nc5 25. Qg4 Rf7 26. Rd5 e6 27. Rg5 Qf6
28. f5 Qxb2 29. fxe6 Rxf1+ 30. Bxf1 Rf8 31. Bg2 Qf6 32. Bd5 Qf1+ 33. Qg1 Qxh3+
34. Qh2 Rf1+ 35. Rg1 Rxg1+ 36. Kxg1 Qe3+ 37. Qf2 Qg5+ 38. Kf1 Qe7 39. Qb2+ Kg8
40. Qxb4 Nxe6 41. Qxa4 Kg7 42. Qb3 Qf6+ 1/2-1/2

[Event "DEM U18w"]
[Site "Willingen"]
[Date "2006.06.04"]
[Round "2.5"]
[White "Laake, Jasmin"]
[Black "Wirths, Clara"]
[Result "1-0"]
[WhiteElo "1976"]
[BlackElo "1935"]
[PlyCount "59"]
[EventDate "2006.??.??"]
[EventType "swiss"]
[EventRounds "9"]
[EventCountry "GER"]

1. e4 c5 2. Nf3 e6 3. d4 cxd4 4. Nxd4 a6 5. Bd3 Qc7 6. O-O Nc6 7. Nxc6 bxc6 8.
c4 e5 9. Nc3 Nf6 10. Kh1 d6 11. f4 Be7 12. f5 Bb7 13. Qf3 Rd8 14. Qg3 Kf8 15.
Be3 d5 16. cxd5 cxd5 17. Nxd5 Nxd5 18. exd5 Bxd5 19. Bxa6 Qc6 20. Be2 Qc2 21.
Bf3 Bxf3 22. Qxf3 Qxb2 23. a4 f6 24. a5 Kf7 25. a6 Qb3 26. a7 Ra8 27. Rab1 Qc4
28. Rfc1 Qd3 29. Rb7 Rhd8 30. Bc5 1-0

[Event "DEM U18w"]
[Site "Willingen"]
[Date "2006.06.04"]
[Round "2.6"]
[White "Großmann, Susan"]
[Black "Tischer, Jana"]
[Result "1/2-1/2"]
[WhiteElo "2062"]
[BlackElo "1835"]
[PlyCount "39"]
[EventDate "2006.??.??"]
[EventType "swiss"]
[EventRounds "9"]
[EventCountry "GER"]

1. e4 c5 2. d3 Nc6 3. g3 g6 4. Bg2 Bg7 5. f4 d6 6. Nf3 e6 7. O-O Nge7 8. c3 O-O
9. Be3 b6 10. Re1 d5 11. e5 Ba6 12. d4 Nf5 13. Bf2 cxd4 14. Nxd4 Nfxd4 15. Bxd4
Nxd4 16. Qxd4 Qd7 17. Nd2 Rac8 18. Bf1 Bxf1 19. Nxf1 Rfd8 20. Rad1 1/2-1/2

[Event "DEM U18w"]
[Site "Willingen"]
[Date "2006.06.04"]
[Round "2.7"]
[White "Nuber, Helene"]
[Black "Hammerich, Nadine"]
[Result "1-0"]
[WhiteElo "2042"]
[BlackElo "1529"]
[PlyCount "63"]
[EventDate "2006.??.??"]
[EventType "swiss"]
[EventRounds "9"]
[EventCountry "GER"]

1. e4 e6 2. d4 d5 3. e5 c5 4. c3 Nc6 5. Nf3 Qb6 6. a3 c4 7. Nbd2 Bd7 8. g3 Na5
9. Rb1 Nb3 10. h4 Ne7 11. Bxc4 Nxc1 12. Qxc1 dxc4 13. Nxc4 Qc6 14. Nd6+ Kd8 15.
Nxf7+ Kc8 16. Qd1 Rg8 17. O-O Nf5 18. c4 b6 19. d5 Qc7 20. Qd3 Kb8 21. N7g5 Qc8
22. b4 h6 23. Ne4 a6 24. Rfc1 Ra7 25. d6 g5 26. Nf6 Rg7 27. Nxd7+ Raxd7 28.
hxg5 hxg5 29. c5 Qc6 30. cxb6 Qxb6 31. b5 Ka7 32. Rc6 1-0

[Event "DEM U18w"]
[Site "Willingen"]
[Date "2006.06.04"]
[Round "2.8"]
[White "Schulze, Dorothee"]
[Black "Rath, Alina"]
[Result "1-0"]
[WhiteElo "1946"]
[BlackElo "1853"]
[PlyCount "89"]
[EventDate "2006.??.??"]
[EventType "swiss"]
[EventRounds "9"]
[EventCountry "GER"]

1. e4 c5 2. Nf3 Nc6 3. d4 cxd4 4. Nxd4 Nf6 5. Nc3 d6 6. Be3 Bd7 7. Be2 a6 8. a4
g6 9. O-O Bg7 10. Nb3 Be6 11. f4 Na5 12. Nxa5 Qxa5 13. Bf3 O-O 14. Qd2 Qc7 15.
a5 Nd7 16. Bd4 Rac8 17. Rf2 Bxd4 18. Qxd4 Qc5 19. Qd2 b5 20. axb6 Qxb6 21. b3
Nc5 22. Qd4 Qc7 23. Nd5 Bxd5 24. Qxd5 a5 25. Be2 Qb6 26. Qd4 Qc7 27. Bc4 Nd7
28. Qd2 Ra8 29. Rf3 Qc5+ 30. Qe3 Qxe3+ 31. Rxe3 Nb6 32. Bb5 Rfc8 33. c4 a4 34.
bxa4 Nxc4 35. Rc3 Na5 36. Rac1 Rxc3 37. Rxc3 Ra7 38. Kf2 Kf8 39. Ke3 e6 40. g4
Ra8 41. Kd4 h6 42. e5 d5 43. Rc7 Nc4 44. Kc5 Nd2 45. Kb6 1-0

[Event "DEM U18w"]
[Site "Willingen"]
[Date "2006.06.04"]
[Round "2.10"]
[White "Völschow, Toni"]
[Black "Schöttler, Katharina"]
[Result "1/2-1/2"]
[WhiteElo "1850"]
[BlackElo "1655"]
[PlyCount "63"]
[EventDate "2006.??.??"]
[EventType "swiss"]
[EventRounds "9"]
[EventCountry "GER"]

1. e4 c5 2. Nc3 Nc6 3. g3 g6 4. Bg2 Bg7 5. d3 d6 6. Be3 e6 7. Qd2 Nge7 8. Bh6
O-O 9. h4 Nd4 10. O-O-O b5 11. h5 b4 12. Nce2 Qa5 13. Kb1 Rb8 14. hxg6 fxg6 15.
Bxg7 Kxg7 16. Qh6+ Kf7 17. Nxd4 cxd4 18. Qf4+ Ke8 19. Qxd6 Rb6 20. Qxd4 e5 21.
Qe3 Ra6 22. Rxh7 Qxa2+ 23. Kc1 Qa1+ 24. Kd2 Qxb2 25. Qc5 Qc3+ 26. Qxc3 bxc3+
27. Kxc3 Rc6+ 28. Kb2 Rxf2 29. Rh8+ Kf7 30. Rf1 Rcxc2+ 31. Ka3 Rxf1 32. Bxf1
1/2-1/2

[Event "DEM U18w"]
[Site "Willingen"]
[Date "2006.06.04"]
[Round "2.11"]
[White "Tovmasian, Nelli"]
[Black "Schott, Peggy"]
[Result "1-0"]
[WhiteElo "1813"]
[BlackElo "1600"]
[PlyCount "51"]
[EventDate "2006.??.??"]
[EventType "swiss"]
[EventRounds "9"]
[EventCountry "GER"]

1. e4 c5 2. Nf3 e6 3. d4 cxd4 4. Nxd4 a6 5. Be3 b5 6. c4 Bb4+ 7. Nd2 bxc4 8.
Bxc4 Bb7 9. f3 Qh4+ 10. g3 Qh3 11. Qb3 Bxd2+ 12. Bxd2 Nc6 13. Bf1 Qh5 14. Qxb7
Rb8 15. Qc7 Nge7 16. Bc3 Rc8 17. Qd6 Nxd4 18. Qxd4 Qxf3 19. Rg1 e5 20. Qd3 Qxd3
21. Bxd3 f6 22. Bxa6 Rc6 23. Bb5 Rc5 24. Bd3 Nc6 25. Kd2 Ke7 26. b4 1-0

[Event "DEM U18w"]
[Site "Willingen"]
[Date "2006.06.04"]
[Round "2.12"]
[White "Hafner, Katrin"]
[Black "Fuchs, Maria"]
[Result "1-0"]
[WhiteElo "1565"]
[BlackElo "1758"]
[PlyCount "74"]
[EventDate "2006.??.??"]
[EventType "swiss"]
[EventRounds "9"]
[EventCountry "GER"]

1. e4 c5 2. Nf3 Nc6 3. d4 cxd4 4. Nxd4 g6 5. Be3 Bg7 6. Nc3 d6 7. Bc4 Nf6 8.
Bb3 O-O 9. f3 Nd7 10. Qd2 Nb6 11. O-O-O Na5 12. Qe2 Bd7 13. h4 Rc8 14. h5 Nac4
15. Bg5 a5 16. hxg6 hxg6 17. g4 f6 18. Bh6 Kf7 19. Nd5 a4 20. Nxb6 axb3 21.
Nxc4 bxa2 22. Kd2 b5 23. Bxg7 Kxg7 24. Qh2 Rg8 25. Qh7+ Kf8 26. Ne3 Qa5+ 27.
Ke2 b4 28. Nd5 Rg7 29. Qh6 Re8 30. Qd2 Ra8 31. Rh8+ Kf7 32. Rxa8 Qxa8 33. Ra1
Rh7 34. Qxb4 Rh2+ 35. Ke3 e5 36. Nb5 Rxc2 37. Qb3 Qc8 1-0